[Event "Banska Stiavnica V4 op"]
[Site "Banska Stiavnica"]
[Date "2018.07.10"]
[Round "4"]
[White "Mrvova, Alena"]
[Black "Toma, Rudolf"]
[Result "1/2-1/2"]
[WhiteElo "2202"]
[BlackElo "2018"]
[PlyCount "75"]
[EventDate "2018.07.07"]
[EventType "swiss"]
[EventRounds "9"]
[EventCountry "SVK"]
[SourceTitle "CBM 185 Extra"]
[Source "ChessBase"]
[SourceDate "2018.07.29"]
[SourceVersion "1"]
[SourceVersionDate "2018.07.29"]
[SourceQuality "1"]

1. e4 c6 2. d4 d5 3. Bd3 dxe4 4. Bxe4 Nf6 5. Bf3 Bf5 6. Ne2 e6 7. c3 Nbd7 8. Nd2 e5 9. Ng3 Bg6 10. Qe2 Qe7 11. Nc4 e4 12. Bh5 Nxh5 13. Nxh5 Bxh5 14. Qxh5 g6 15. Qe2 b5 16. Na5 Qe6 17. 0-0 Bg7 18. Re1 f5 19. f3 Nf6 20. Bg5 0-0 21. Bxf6 Qxf6 22. fxe4 fxe4 23. Qxe4 Qf2+ 24. Kh1 Qxb2 25. Nxc6 Qxc3 26. Rad1 Qc4 27. Qe6+ Kh8 28. Qxc4 bxc4 29. Kg1 c3 30. d5 Rac8 31. Re4 Bh6 32. Rc4 Be3+ 33. Kh1 Bd2 34. g3 Rfd8 35. Rc5 Rxd5 36. Rxd5 Rxc6 37. R5xd2 cxd2 38. Rxd2 1/2-1/2